00177nam a2200073Ia 4500008004100000082000800041100001700049245003700066240331s9999 xx 000 0 und d bRAN aRanaweera, E 0aSome literary women of Sri Lanka